[Event "Moscow Victory Day op"]
[Site "Moscow"]
[Date "2013.05.11"]
[Round "5"]
[White "Rozanov, Pavel B"]
[Black "Dedyukhin, Oleg"]
[Result "1-0"]
[WhiteElo "2269"]
[BlackElo "2184"]
[PlyCount "87"]
[EventDate "2013.05.04"]
[EventType "swiss"]
[EventRounds "9"]
[EventCountry "RUS"]
[SourceTitle "CBM 154 Extra"]
[Source "ChessBase"]
[SourceDate "2013.06.25"]
[SourceVersion "2"]
[SourceVersionDate "2013.06.25"]
[SourceQuality "1"]

1. d4 Nf6 2. c4 d6 3. Nc3 Nbd7 4. e4 e5 5. Nf3 Be7 6. g3 0-0 7. Bg2 c6 8. 0-0 a6 9. a4 a5 10. h3 Ne8 11. Be3 Nc7 12. Qc2 Na6 13. Rad1 Qc7 14. Qb1 Nb6 15. b3 Nb4 16. Rc1 Nd7 17. Rfd1 Re8 18. Rd2 Bf8 19. Re1 g6 20. Rdd1 Bg7 21. Qc1 Nf8 22. Kh2 Ne6 23. d5 Nc5 24. Bxc5 dxc5 25. Qd2 Qb6 26. Rb1 Na6 27. h4 Nb8 28. Bh3 Bxh3 29. Kxh3 Qc7 30. Kg2 Nd7 31. h5 Nf6 32. Rh1 Nxh5 33. Rxh5 gxh5 34. Nh4 Rad8 35. Nf5 Re6 36. Qg5 Rg6 37. Qxh5 Rd7 38. Rh1 h6 39. d6 Rdxd6 40. Nxd6 Rxd6 41. Nd1 Qd7 42. Ne3 Rd2 43. Nf5 Qd3 44. Qg4 1-0

[Event "Moscow Victory Day op"]
[Site "Moscow"]
[Date "2013.05.10"]
[Round "4"]
[White "Dedyukhin, Oleg"]
[Black "Smirnov, Timofey"]
[Result "1-0"]
[WhiteElo "2184"]
[BlackElo "1964"]
[PlyCount "105"]
[EventDate "2013.05.04"]
[EventType "swiss"]
[EventRounds "9"]
[EventCountry "RUS"]
[SourceTitle "CBM 154 Extra"]
[Source "ChessBase"]
[SourceDate "2013.06.25"]
[SourceVersion "2"]
[SourceVersionDate "2013.06.25"]
[SourceQuality "1"]

1. e4 c5 2. Nc3 Nc6 3. g3 g6 4. Bg2 Bg7 5. d3 d6 6. f4 e6 7. Nf3 Nge7 8. 0-0 0-0 9. Be3 Nd4 10. Nh4 f5 11. Qd2 Rb8 12. Nd1 Ndc6 13. Bf2 Qa5 14. Qxa5 Nxa5 15. e5 b6 16. exd6 Nd5 17. Re1 Rd8 18. Nf3 Rxd6 19. Ne5 Nb4 20. Ne3 Ba6 21. a3 Nbc6 22. Rab1 c4 23. Nxc6 Nxc6 24. dxc4 Na5 25. Bf1 Rc8 26. b3 Bc3 27. Red1 Rxd1 28. Rxd1 Bb2 29. Rd7 Nc6 30. Bg2 Nb8 31. Rxa7 Bxa3 32. Bb7 Bxb7 33. Rxb7 Bc5 34. c3 Na6 35. Ra7 Nc7 36. b4 Bf8 37. Nc2 Ne8 38. Na3 Nd6 39. Bxb6 Nxc4 40. Nxc4 Rxc4 41. Rc7 Re4 42. Bc5 Bxc5+ 43. Rxc5 Re1+ 44. Kf2 Rc1 45. b5 Kf7 46. Rc7+ Ke8 47. b6 Kd8 48. c4 Rb1 49. c5 Rb5 50. Ke3 Rb4 51. Kd3 h5 52. Rg7 Rb2 53. b7 1-0